Från Josephson till Picasso : studier om konstnären och samhället / studier om konstnären och samhället /
Descripción Física:
221 pàg. : il. b/n ; 18 cm
Idioma:
Swedish
MARC
| LEADER | 00000nam a22000007a 4500 | ||
|---|---|---|---|
| 001 | 24752 | ||
| 003 | AGDB | ||
| 005 | 20260324181535.0 | ||
| 008 | 251010b sw ||||| |||| 00| 0 swe d | ||
| 041 | |a swe | ||
| 100 | |a Blomberg, Erik, |d 1894-1965 |9 72444 | ||
| 245 | |a Från Josephson till Picasso : |b studier om konstnären och samhället / |c Erik Blomberg | ||
| 260 | |a Stockholm : |b Wahlström & Widstrand , |c 1946 | ||
| 300 | |a 221 pàg. : |b il. b/n ; |c 18 cm | ||
| 500 | |a Prové del fons Joan Junyer i Pascual (1909-1994) | ||
| 501 | |a Inclou índex de contingut | ||
| 600 | 0 | |a Picasso, Pablo, |d 1881-1973 |9 53616 | |
| 650 | 0 | |a Fons Joan Junyer i Pascual (1909-1994) |9 72777 | |
| 942 | |2 udc |c ARXIU |n 1 | ||
| 952 | |0 0 |1 0 |4 0 |6 F50438 |7 1 |9 98428 |a Arxiu |b Arxiu |d 2025-10-10 |l 0 |o F-504-38 |p 24752 |r 2025-10-10 09:32:20 |w 2025-10-10 |y ARXIU | ||
| 999 | |c 130182 |d 130182 | ||